[Event "17. Torneo San Viator 2011"]
[Site "Madrid ESP"]
[Date "2011.11.13"]
[Round "9.26"]
[White "Garcia-Ines Sanchez, Gustavo"]
[Black "Pujo Velez, David"]
[Result "1-0"]
[WhiteElo "1633"]
[BlackElo "1306"]
[PlyCount "111"]
[EventDate "2011.09.25"]
[EventType "swiss"]
[EventRounds "9"]
[EventCountry "ESP"]
[Source "lmi"]
[SourceDate "2011.09.25"]

1. e4 e5 2. Nf3 Nc6 3. Bb5 d6 4. Bxc6+ bxc6 5. O-O Nf6 6. Re1 Be7 7. d4 O-O 8.
dxe5 dxe5 9. Qxd8 Bxd8 10. Nxe5 Re8 11. Nxc6 Bb7 12. Nxd8 Raxd8 13. f3 Bxe4 14.
fxe4 Rxe4 15. Rf1 Red4 16. Nc3 Ng4 17. Bf4 f6 18. Rad1 g5 19. Rxd4 Rxd4 20.
Bxc7 Ne3 21. Rc1 Rd2 22. g3 Rg2+ 23. Kh1 Kf7 24. Ba5 Rf2 25. Ne4 Rf5 26. Nd6+
Ke6 27. Nxf5 Kxf5 28. c4 Ke5 29. Re1 Kd4 30. Bc3+ Kxc4 31. Rxe3 f5 32. Re7 f4
33. gxf4 gxf4 34. Re4+ Kd5 35. Rxf4 h6 36. Kg2 h5 37. Kg3 a5 38. Bxa5 Ke5 39.
Rh4 Kd5 40. Rxh5+ Kd4 41. Bc3+ Kc4 42. Rh4+ Kd5 43. Kf3 Kc5 44. b4+ Kd5 45.
Rh5+ Ke6 46. Ke4 Kd6 47. a3 Kc6 48. Kd4 Kb6 49. Kc4 Ka6 50. Kc5 Ka7 51. Kb5 Kb7
52. Rh7+ Kc8 53. Bf6 Kb8 54. Kc6 Ka8 55. Kb6 Kb8 56. Rh8# 1-0

[Event "17. Torneo San Viator 2011"]
[Site "Madrid ESP"]
[Date "2011.11.13"]
[Round "9.27"]
[White "Jimenez Sanchez, Juan D"]
[Black "Jimenez Perez, Federico"]
[Result "0-1"]
[WhiteElo "1469"]
[BlackElo "1330"]
[PlyCount "79"]
[EventDate "2011.09.25"]
[EventType "swiss"]
[EventRounds "9"]
[EventCountry "ESP"]
[Source "lmi"]
[SourceDate "2011.09.25"]

1. d4 Nf6 2. c4 d5 3. Nc3 e6 4. e3 Bb4 5. Qc2 Nc6 6. Bd3 a6 7. a3 Ba5 8. Nf3 h6
9. O-O Bxc3 10. bxc3 Ne4 11. Bxe4 dxe4 12. Qxe4 O-O 13. Rd1 Qf6 14. Bb2 Na5 15.
Qc2 Nxc4 16. Bc1 Bd7 17. Ne5 Nxe5 18. dxe5 Qe7 19. a4 Bc6 20. Ba3 Qg5 21. g3
Rfe8 22. Rd4 Qh5 23. e4 Qxe5 24. f4 Qh5 25. Rc4 Rad8 26. Rc5 f5 27. exf5 Qf3
28. Rxc6 bxc6 29. Bc5 exf5 30. Rf1 Re2 31. Qb3+ Qd5 32. Rd1 Re1+ 33. Kf2 Rxd1
34. Qxd5+ R1xd5 35. Be3 Rb8 36. c4 Rd1 37. Ke2 Rbb1 38. Bd2 Rh1 39. h4 Rh2+ 40.
Ke3 0-1